Представление документа в формате MARC21

Поле Инд. ПП Название Значение
Тип записи a
Библиографический уровень a
001 Контрольный номер 337e4e2330c7499ab5a27f8ef601b3e7
005 Дата корректировки 20160617114617.5
020 a ISBN 5-9270-0072-X
040 a Служба первич. каталог. НБ ТвГУ
b Код языка каталог. rus
e Правила каталог. PSBO
041 0_ a Код языка текста rus
097 b Оператор novikova
100 1_ a Автор Алмаев Николай Альбертович
q Полное имя Алмаев Н. А.
245 10 a Заглавие Связь личностных черт и некоторых формальных характеристик рассказов, полученных по инструкциям Готтшалка и Адлера
260 a Место издания Москва
b Издательство Ин-т психологии РАН
440 _0 a Серия Труды Института психологии РАН
500 a Примечание Прилож. 1. Шкалы теста Клонинджера
504 a Библиография Библиогр.: с. 67-68 (6 назв.)
520 0_ a Аннотация В исследовании ставится задача - изучение связи между результатами контент-анализа и опросниковых тестов с помощью инструкций Готтшалка и Адлера.
653 0_ a Ключевые слова Контент-анализ
a Ключевые слова Инструкция Готтшалка
a Ключевые слова Инструкция Адлера
a Ключевые слова Текст
a Ключевые слова Личностные черты
a Ключевые слова Тест Клонинджера
700 12 a Другие авторы Кубрак Тина Анатольевна
q Полное имя Кубрак Т. А.
773 18 w Контрольный № источника de7859e2-a781-11da-b02a-008048b56a28
t Название источника Проблемы психологии дискурса
d Место и дата издания Москва : Ин-т психологии РАН, 2005
g Прочая информация С. 62-72
901 t Тип документа a
920 a Оператор Нови